000 003280000a22001330004500
005 20120302064730.0
942 _cBOOK
100 _a Ramdas swami
245 _a Verses Of Mind ( Manache Shlok)
260 _aBombay: Jeevandeep Prakashan
300 _a83 p.
040 _aEng
650 _aShlok / Manache shlok / Verses of mind
999 _c362921
_d362918